The hardworking nyishi women of Arunachal Pradesh / (Record no. 42881)

MARC details
000 -LEADER
fixed length control field 00758nam a22002057a 4500
005 - DATE AND TIME OF LATEST TRANSACTION
control field 20100821132156.0
010 ## - LCCN (DPL NO)
LC control number ENG-101172
020 ## - INTERNATIONAL STANDARD BOOK NUMBER
International Standard Book Number 9788186307236
Terms of availability 250.00
035 ## - SYSTEM CONTROL NUMBER
System control number EN-84705
037 ## - SOURCE OF ACQUISITION
Source of stock number/acquisition DBAD/PUB
082 ## - DEWEY DECIMAL CLASSIFICATION NUMBER
Classification number 954.511
100 ## - MAIN ENTRY--PERSONAL NAME
Personal name Barthakur, Minoti
245 ## - TITLE STATEMENT
Title The hardworking nyishi women of Arunachal Pradesh /
Statement of responsibility, etc by Minoti Barthakur
260 ## - PUBLICATION, DISTRIBUTION, ETC. (IMPRINT)
Place of publication, distribution, etc Guwahati
Name of publisher, distributor, etc DVS Publishers
Date of publication, distribution, etc 2010
270 ## - ADDRESS
Address H. B. Road, Panbazar
City Guwahati
Postal code 781001
300 ## - PHYSICAL DESCRIPTION
Extent x,78p.
Dimensions 22cm (Hb)
Accompanying material b&w photos
500 ## - GENERAL NOTE
General note Includes bibliographical references
942 ## - ADDED ENTRY ELEMENTS (KOHA)
Source of classification or shelving scheme Dewey Decimal Classification
Item type English Books
Classification part 954.511
Call number suffix BAR
Holdings
Withdrawn status Lost status Not for loan Collection code Home library Current library Date acquired Source of acquisition Cost, normal purchase price Full call number Barcode Copy number Cost, replacement price Koha item type
    Not For Loan Non-fiction D.B.Act.Division D.B.Act.Division 21/08/2010 DBAD/PUB 250.00 954.511 BAR EN-84705 1 250.00 English Books

© Delhi Public Library
Hit Counter
free hit counter